| 000 | 00372nam a22001457a 4500 | ||
|---|---|---|---|
| 999 |
_c8853 _d8853 |
||
| 003 | OSt | ||
| 008 | 200713b ||||| |||| 00| 0 eng d | ||
| 100 | _aKamboj , P.C | ||
| 245 | _aPharmaceutical-Analysis-1 | ||
| 250 | _a2019 | ||
| 260 |
_aN Delhi _bVallabh Prakashan _c2019 |
||
| 300 | _a706 | ||
| 650 | _aPharmaceutical Analysis and Quality Assurance | ||
| 942 |
_2ddc _cBK _02 |
||